Onde já se viu? (Record no. 146491)

MARC details
000 -LÍDER
campo de controle de tamanho fixo 00288 a2200121 4500
001 - NÚMERO DE CONTROLE
campo de controle 146491
040 ## - FONTE DA CATALOGAÇÃO
Instituição que transcreveu o registro Escola São Tomás de Aquino
100 ## - ENTRADA PRINCIPAL--NOME PESSOAL
Nome pessoal BELINKY, Tatiana
240 10 - TÍTULO UNIFORME
Título uniforme Onde já se viu?
Idioma da obra por
245 10 - TÍTULO
Título Onde já se viu?
697 ## - ENTRADA DE ASSUNTO LOCAL--ENTIDADE COLETIVA (RLIN)
Nome corporativo ou nome da jurisdição *LITERATURA INFANTO JUVENIL
942 ## - ELEMENTOS DE ENTRADA ADICIONADOS (KOHA)
Tipo de material Koha Livros
Holdings
Situação do descarte Situação das perdas Situação física Não pode ser emprestado Biblioteca de origem Biblioteca atual Data de aquisição Total de empréstimos Número de chamada completo Código de barras Data de último acesso Data do último empréstimo Data do preço efetivo Tipo de material Koha
        ESTA - SÃO BENTO ESTA - SÃO BENTO 30/04/2024 1 028.53 BEL OND EST00000347 05/07/2024 03/06/2024 30/04/2024 Livros